000 00640nam a2200241Ia 4500
001 52524
005 20240114005309.0
007 ta
008 100813s2005 g b000 u 465 u
020 _a81-8030-040-4
040 _aCotton College,Assam
041 _a465
082 _a592
_bSa 56 Ob
100 _aSandhu, G.S .
245 0 _aObjective Invertibrate Zoology /
_cG.S.Sandhu.
_hTextual Documents
250 _aIst ed /
260 _aNew Delhi :
_bCampus Books International ,
_c2005.
300 _a228p ;
_c22cm.
653 _aInvertibrate Zoology
942 _2ddc
_cBK
999 _c52488
_d52488